000 00651nas a2200229 4500
001 BR9901421
003 BR-BrBNA
005 20231205101324.0
007 ta
008 230509b bl.|||p| |||| 00| 00por d
040 _aBR-BrBNA
_bpor
_cBiblioteca Nacional de Agricultura
041 _a(Pt)
072 _aT01
100 1 _aHess, A.F.
245 1 _aSistema economico e poluicao ambiental
650 _aPoluicao
650 _aMeio Ambiente
650 _aRecurso Natural
773 0 _tRevista Cientifica Rural (Brazil)
_xISSN 1413-8263
_g(1998), v. 3(2) p. 126-132
_wBR9901421
909 _a202311
_bLúcia
_c55
_dLúcia Elande
942 _2AGRIS
_n0
_cANA
999 _c161113
_d161113